[Event "WchT Seniors 65"]
[Site "Rhodes"]
[Date "2019.04.18"]
[Round "3.4"]
[White "Maryasin, Boris Feliksovich"]
[Black "Singer, Hans"]
[Result "1/2-1/2"]
[WhiteElo "2297"]
[BlackElo "2195"]
[PlyCount "50"]
[EventDate "2019.04.16"]
[EventType "team-swiss"]
[EventRounds "9"]
[EventCountry "GRE"]
[SourceTitle "CBM 190 Extra"]
[Source "ChessBase"]
[SourceDate "2019.07.15"]
[SourceVersion "1"]
[SourceVersionDate "2019.07.15"]
[SourceQuality "1"]
[WhiteTeam "Israel"]
[BlackTeam "Austria"]
[WhiteTeamCountry "ISR"]
[BlackTeamCountry "AUT"]

1. e4 e5 2. Nf3 Nc6 3. Bc4 Bc5 4. c3 Nf6 5. d4 exd4 6. e5 d5 7. Bb5 Ne4 8. cxd4 Bb4+ 9. Bd2 Nxd2 10. Nbxd2 0-0 11. 0-0 Ne7 12. Nb3 Nf5 13. Bd3 g6 14. Rc1 Be7 15. Nc5 Ng7 16. Qb3 b6 17. Na6 Ne6 18. Nb4 Bxb4 19. Qxb4 c5 20. Qd2 Qe7 21. Rfe1 Bb7 22. h4 Rac8 23. h5 Kg7 24. g3 f5 25. Bf1 g5 1/2-1/2

[Event "Wch Seniors 65 28th"]
[Site "Bled"]
[Date "2018.11.23"]
[Round "6"]
[White "Singer, Hans"]
[Black "Myall, Ivan J"]
[Result "1-0"]
[WhiteElo "2186"]
[BlackElo "1995"]
[PlyCount "145"]
[EventDate "2018.11.18"]
[EventType "swiss"]
[EventRounds "11"]
[EventCountry "SLO"]
[SourceTitle "CBM 187 Extra"]
[Source "ChessBase"]
[SourceDate "2018.11.04"]
[SourceVersion "1"]
[SourceVersionDate "2018.11.04"]
[SourceQuality "1"]

1. d4 Nf6 2. c4 e6 3. Nf3 d5 4. Nc3 Bb4 5. cxd5 exd5 6. Bg5 h6 7. Bxf6 Qxf6 8. Qb3 c5 9. e3 0-0 10. dxc5 Bxc3+ 11. bxc3 Be6 12. Nd4 Nd7 13. Qb4 Rac8 14. Be2 Nxc5 15. 0-0 b6 16. a4 Ne4 17. a5 Nd2 18. axb6 axb6 19. Rfd1 Ne4 20. Bf3 Rc4 21. Qb3 Nxc3 22. Re1 Rfc8 23. Ra6 Ne4 24. Qb1 Qe7 25. h3 Nc3 26. Qxb6 Bd7 27. Qd6 Re8 28. Qxe7 Rxe7 29. Rea1 Be6 30. Ra8+ Kh7 31. Rd8 Ne4 32. Bxe4+ dxe4 33. Raa8 Rc1+ 34. Kh2 Rcc7 35. g4 Kg6 36. Kg3 Kf6 37. h4 Ra7 38. h5 Rxa8 39. Rxa8 g6 40. hxg6 fxg6 41. Ra6 Kf7 42. Rb6 Bd5 43. Kf4 Bb7 44. Nb5 g5+ 45. Kg3 Kg8 46. Rxh6 Re5 47. Nd4 Bc8 48. Rc6 Bd7 49. Rd6 Ba4 50. Re6 Rc5 51. Rxe4 Rc1 52. Re5 Kf7 53. Rxg5 Rg1+ 54. Kf4 Rf1 55. f3 Bd1 56. Ra5 Rf2 57. Ra7+ Ke8 58. g5 Rg2 59. Kf5 Rg3 60. Ra1 Rg1 61. g6 Ke7 62. g7 Kf7 63. Ra7+ Kg8 64. Kf6 Bxf3 65. Nxf3 Rg6+ 66. Kf5 Rg3 67. Kf4 Rg6 68. e4 Rf6+ 69. Ke3 Rh6 70. Nd4 Rh3+ 71. Kf4 Rh4+ 72. Ke5 Rh5+ 73. Nf5 1-0

[Event "Wch Seniors 65 28th"]
[Site "Bled"]
[Date "2018.11.22"]
[Round "5"]
[White "Berkovich, Mark A"]
[Black "Singer, Hans"]
[Result "1-0"]
[WhiteElo "2339"]
[BlackElo "2186"]
[PlyCount "67"]
[EventDate "2018.11.18"]
[EventType "swiss"]
[EventRounds "11"]
[EventCountry "SLO"]
[SourceTitle "CBM 187 Extra"]
[Source "ChessBase"]
[SourceDate "2018.11.04"]
[SourceVersion "1"]
[SourceVersionDate "2018.11.04"]
[SourceQuality "1"]

1. Nf3 d5 2. g3 c5 3. Bg2 Nc6 4. d4 e6 5. 0-0 Nf6 6. c4 Be7 7. cxd5 exd5 8. dxc5 Bxc5 9. a3 0-0 10. b4 Bb6 11. Nc3 h6 12. Bb2 Be6 13. Na4 Ne4 14. Nxb6 Qxb6 15. Nd4 Nxd4 16. Bxd4 Qb5 17. Bb2 Qb6 18. Qd3 Rfe8 19. e3 a6 20. Rfd1 Rac8 21. Rac1 f5 22. Bd4 Qb5 23. Qxb5 axb5 24. Be5 Bd7 25. Rxc8 Rxc8 26. f3 Ng5 27. f4 Ne4 28. Bxe4 fxe4 29. Rxd5 Bc6 30. Rd6 Be8 31. Kg2 h5 32. Kh3 Kh7 33. Kh4 Rc6 34. Rd8 1-0

[Event "North Austria-ch Seniors 65"]
[Site "Spitz am Donau"]
[Date "2018.10.12"]
[Round "6.1"]
[White "Pfitzer, Norbert"]
[Black "Singer, Hans"]
[Result "1-0"]
[WhiteElo "2093"]
[BlackElo "2176"]
[PlyCount "42"]
[EventDate "2018.10.07"]
[EventType "swiss"]
[EventRounds "7"]
[EventCountry "AUT"]
[SourceTitle "EXT 2024"]
[Source "ChessBase"]
[SourceDate "2023.10.10"]
[SourceVersion "1"]
[SourceVersionDate "2023.10.10"]
[SourceQuality "1"]

1. Nf3 d5 2. d4 Nf6 3. g3 e6 4. Bg2 c5 5. 0-0 Nc6 6. c4 Be7 7. cxd5 exd5 8. dxc5 Bxc5 9. e3 0-0 10. Qc2 Qe7 11. a3 Bg4 12. Nbd2 Rac8 13. b4 Bb6 14. Qb1 Rfd8 15. Nb3 Ne4 16. Bb2 Nxf2 17. Rxf2 Qxe3 18. Nc5 Bxf3 19. Bxf3 Nxb4 20. axb4 Rxc5 21. bxc5 Bxc5 1-0

[Event "AUT-chT2M 1718"]
[Site "Austria"]
[Date "2018.02.10"]
[Round "8.2"]
[White "Singer, Hans"]
[Black "Huber, Martin Christian"]
[Result "1/2-1/2"]
[WhiteElo "2199"]
[BlackElo "2405"]
[PlyCount "80"]
[EventDate "2017.10.27"]
[EventType "team-tourn"]
[EventRounds "11"]
[EventCountry "AUT"]
[SourceTitle "EXT 2019"]
[Source "ChessBase"]
[SourceDate "2018.10.10"]
[SourceVersion "1"]
[SourceVersionDate "2018.10.10"]
[SourceQuality "1"]
[WhiteTeam "Die Klagenfurter"]
[BlackTeam "Graz Schachfreunde"]
[WhiteTeamCountry "AUT"]
[BlackTeamCountry "AUT"]

1. Nf3 Nf6 2. c4 g6 3. Nc3 Bg7 4. e4 d6 5. d4 0-0 6. h3 Na6 7. Be3 e5 8. dxe5 dxe5 9. Qc2 Nh5 10. Rd1 Qe8 11. a3 c6 12. b4 Qe7 13. c5 Nc7 14. Bc4 Nf4 15. Bxf4 exf4 16. 0-0 Ne6 17. Ne2 Ng5 18. Nxg5 Qxg5 19. Qb3 b6 20. cxb6 axb6 21. Nd4 b5 22. Be2 Ra6 23. e5 Bxe5 24. Rfe1 Bxd4 25. Rxd4 Be6 26. Qc3 Bd5 27. Bf3 Bxf3 28. Qxf3 Rfa8 29. h4 Qh5 30. Rxf4 Rxa3 31. Qe4 R3a7 32. g3 Rc8 33. Rc1 Rac7 34. Rc5 Qh6 35. Kg2 Qf8 36. Rf6 Qe7 37. Qf3 Kg7 38. Rf4 Kg8 39. h5 Qf8 40. Rf6 Qe8 1/2-1/2

[Event "WchT Seniors 65"]
[Site "Hersonissos"]
[Date "2017.05.02"]
[Round "9.2"]
[White "Singer, Hans"]
[Black "Uddenfeldt, Dan"]
[Result "0-1"]
[WhiteElo "2213"]
[BlackElo "2359"]
[PlyCount "84"]
[EventDate "2017.04.24"]
[EventType "team-swiss"]
[EventRounds "9"]
[EventCountry "GRE"]
[SourceTitle "CBM 178 Extra"]
[Source "ChessBase"]
[SourceDate "2017.06.22"]
[SourceVersion "1"]
[SourceVersionDate "2017.06.22"]
[SourceQuality "1"]
[WhiteTeam "Austria"]
[BlackTeam "Sweden"]
[WhiteTeamCountry "AUT"]
[BlackTeamCountry "SWE"]

1. Nf3 Nf6 2. c4 g6 3. Nc3 Bg7 4. e4 d6 5. d4 0-0 6. Be2 e5 7. Be3 a5 8. dxe5 dxe5 9. Qc2 Nfd7 10. Rd1 Na6 11. c5 c6 12. Na4 Qe7 13. Nd2 f5 14. f3 Bh6 15. Bxh6 Qh4+ 16. g3 Qxh6 17. Bxa6 Rxa6 18. Qb3+ Kh8 19. exf5 gxf5 20. 0-0 Nf6 21. Qc3 Re8 22. Rfe1 Nd5 23. Rxe5 Nxc3 24. Rxe8+ Kg7 25. Nxc3 Be6 26. Nf1 Kf7 27. Rb8 Ra7 28. f4 a4 29. a3 Qf6 30. Rd6 Qe7 31. Nd2 Qc7 32. Rh8 Qa5 33. Rdd8 Qxc5+ 34. Kg2 Kg7 35. Rhe8 Qa5 36. Rd6 Bd5+ 37. Nf3 Bxf3+ 38. Kxf3 b5 39. Re5 Qc7 40. Rde6 Qd7 41. g4 Qd3+ 42. Re3 Qf1+ 0-1

[Event "Wch Seniors 65 26th"]
[Site "Marianske Lazne"]
[Date "2016.11.28"]
[Round "9"]
[White "Singer, Hans"]
[Black "Behling, Robert"]
[Result "1/2-1/2"]
[WhiteElo "2202"]
[BlackElo "2118"]
[PlyCount "112"]
[EventDate "2016.11.19"]
[EventType "swiss"]
[EventRounds "11"]
[EventCountry "CZE"]
[SourceTitle "CBM 175 Extra"]
[Source "ChessBase"]
[SourceDate "2016.12.12"]
[SourceVersion "1"]
[SourceVersionDate "2016.12.12"]
[SourceQuality "1"]

1. Nf3 Nf6 2. c4 g6 3. Nc3 Bg7 4. e4 d6 5. d4 0-0 6. Be2 e5 7. Be3 Ng4 8. Bg5 f6 9. Bh4 g5 10. Bg3 Nh6 11. dxe5 dxe5 12. 0-0 c6 13. c5 Be6 14. Qc2 Nd7 15. Na4 Qe7 16. Bc4 Rfd8 17. Rfd1 Nf7 18. Bxe6 Qxe6 19. Ne1 Nf8 20. f3 g4 21. fxg4 Qxg4 22. Nf3 Ne6 23. b3 Bh6 24. Re1 Bf4 25. Qf2 Nfg5 26. Nxg5 fxg5 27. Bxf4 Nxf4 28. Qg3 Qh5 29. Qf2 Nd3 30. Qe2 Qxe2 31. Rxe2 Nf4 32. Rc2 Rd4 33. Nc3 Rad8 34. Ne2 Rxe4 35. Ng3 Red4 36. Re1 Rd1 37. Rxd1 Rxd1+ 38. Kf2 Rd5 39. Ne4 Kg7 40. Nxg5 Rxc5 41. Rxc5 Nd3+ 42. Ke3 Nxc5 43. b4 Nd7 44. Ne6+ Kf6 45. Nd8 c5 46. Nxb7 cxb4 47. Na5 Nb8 48. Ke4 Ke6 49. g4 a6 50. g5 Nd7 51. Nb3 a5 52. Nxa5 Nc5+ 53. Ke3 Kd5 54. h4 Ne6 55. Nb3 Nf4 56. Kf3 Ne6 1/2-1/2

[Event "Wch Seniors 65 26th"]
[Site "Marianske Lazne"]
[Date "2016.11.22"]
[Round "4"]
[White "Maryasin, Boris Feliksovich"]
[Black "Singer, Hans"]
[Result "1-0"]
[WhiteElo "2331"]
[BlackElo "2202"]
[PlyCount "41"]
[EventDate "2016.11.19"]
[EventType "swiss"]
[EventRounds "11"]
[EventCountry "CZE"]
[SourceTitle "CBM 175 Extra"]
[Source "ChessBase"]
[SourceDate "2016.12.12"]
[SourceVersion "1"]
[SourceVersionDate "2016.12.12"]
[SourceQuality "1"]

1. e4 c5 2. Nf3 e6 3. d4 cxd4 4. Nxd4 Nc6 5. Nc3 Qc7 6. Be3 Nf6 7. Qf3 a6 8. 0-0-0 Be7 9. Nxc6 bxc6 10. g4 h5 11. gxh5 Nxh5 12. Bh3 Rb8 13. Bg4 g6 14. h4 e5 15. Bg5 d6 16. Bxe7 Kxe7 17. Bxh5 Rxh5 18. Qd3 Bb7 19. Qc4 Qb6 20. Rxd6 Bc8 21. Nd5+ 1-0